00322nam a2200121Ia 4500003000400000008004100004040001600045082001500061245007000076260004100146300000800187490000500195GCL140319s9999 xx 000 0 ara d aGCL / cGCL04a254bم ا10aالاسرة السعيدة فى ظل تعاليم الاسلام a[S.N] : bدار الجيل ، c923 a120 a